[Event "IND-ch U25"]
[Site "Kankarbagh"]
[Date "2015.10.18"]
[Round "8"]
[White "Gusain, Himal"]
[Black "Rajarshi, Dutta"]
[Result "1-0"]
[WhiteElo "2326"]
[BlackElo "1873"]
[PlyCount "93"]
[EventDate "2015.10.13"]
[EventType "swiss"]
[EventRounds "9"]
[EventCountry "IND"]
[SourceTitle "CBM 168 Extra"]
[Source "ChessBase"]
[SourceDate "2015.10.29"]
[SourceVersion "1"]
[SourceVersionDate "2015.10.29"]
[SourceQuality "1"]

1. e4 e5 2. Nf3 Nc6 3. Bc4 Be7 4. 0-0 Nf6 5. d3 0-0 6. Re1 d6 7. c3 a6 8. Bb3 Be6 9. Nbd2 Bxb3 10. Qxb3 Qd7 11. Nf1 Na5 12. Qd1 Rfe8 13. Ng3 Bf8 14. Bg5 Qe6 15. d4 g6 16. Qa4 b6 17. b4 Nc4 18. Qc6 b5 19. d5 Qe7 20. a4 Nb6 21. axb5 axb5 22. Qxb5 h6 23. Be3 Rab8 24. Qc6 Ng4 25. Bd2 h5 26. h3 Nh6 27. Ra7 Rbc8 28. Be3 h4 29. Nf1 Na8 30. Rea1 Qd8 31. Bg5 f6 32. Bxf6 Qxf6 33. Rxa8 Rxa8 34. Rxa8 Rxa8 35. Qxa8 Qf4 36. N1d2 Nf7 37. Qc8 Ng5 38. Qg4 Nxf3+ 39. Nxf3 Qxg4 40. hxg4 Be7 41. g5 Kf7 42. Kh2 Ke8 43. Kh3 Kd7 44. Kg4 c6 45. c4 cxd5 46. cxd5 Kc7 47. Nxh4 1-0

[Event "IND-ch U25"]
[Site "Kankarbagh"]
[Date "2015.10.17"]
[Round "7"]
[White "Subramanian, RM."]
[Black "Rajarshi, Dutta"]
[Result "0-1"]
[WhiteElo "1938"]
[BlackElo "1873"]
[PlyCount "76"]
[EventDate "2015.10.13"]
[EventType "swiss"]
[EventRounds "9"]
[EventCountry "IND"]
[SourceTitle "CBM 168 Extra"]
[Source "ChessBase"]
[SourceDate "2015.10.29"]
[SourceVersion "1"]
[SourceVersionDate "2015.10.29"]
[SourceQuality "1"]

1. e4 e5 2. Bc4 Nf6 3. d3 Nc6 4. Nc3 Na5 5. Nge2 c6 6. Bg5 Be7 7. 0-0 0-0 8. a3 Nxc4 9. dxc4 h6 10. Bh4 d6 11. Qd3 Be6 12. b3 Qc7 13. f4 exf4 14. Nxf4 Rad8 15. Bg3 Ng4 16. h3 Ne5 17. Nxe6 fxe6 18. Rxf8+ Bxf8 19. Qe3 b6 20. Nd1 d5 21. Qc3 d4 22. Qe1 Bd6 23. Nb2 Nf3+ 24. gxf3 Bxg3 25. Qe2 Qf4 26. Nd3 Qh4 27. Qg2 Rf8 28. Kh1 Rf6 29. Rg1 Rg6 30. Qf1 Rf6 31. Qg2 Rxf3 32. Ne5 Rc3 33. Nd3 Rxc2 34. Qxg3 Qxe4+ 35. Rg2 Rxg2 36. Qxg2 Qxd3 37. Qxc6 Qe2 38. h4 h5 0-1